[Event "6th Porticcio Open 2019"]
[Site "Porticcio"]
[Date "2019.06.30"]
[Round "3.4"]
[White "Lagarde, Maxime"]
[Black "Kirk, Ezra"]
[Result "1/2-1/2"]
[WhiteElo "2599"]
[BlackElo "2428"]
[Annotator "ChessBase"]
[PlyCount "100"]
[EventDate "2019.06.23"]
[EventType "swiss"]
[EventCountry "FRA"]
[SourceTitle "playchess.com"]
[Source "ChessBase"]
[SourceQuality "1"]
[TimeControl "5400+30"]

1. e4 {[%emt 0:00:00]} c5 {[%emt 0:00:00]} 2. c3 {[%emt 0:00:05]} Nf6 {[%emt 0:01:29]} 3. e5 {[%emt 0:00:28]} Nd5 {[%emt 0:00:05]} 4. Nf3 {[%emt 0:00:03]} Nc6 {[%emt 0:01:09]} 5. Bc4 {[%emt 0:00:55]} Nb6 {[%emt 0:00:38]} 6. Bb3 {[%emt 0:00:04]} c4 {[%emt 0:00:04]} 7. Bc2 {[%emt 0:00:02]} Qc7 {[%emt 0:03:42]} 8. O-O {[%emt 0:00:16]} Nxe5 {[%emt 0:04:13]} 9. Nxe5 {[%emt 0:00:06]} Qxe5 {[%emt 0:00:06]} 10. a4 {[%emt 0:05:46]} d5 {[%emt 0:05:51]} 11. Re1 {[%emt 0:07:36]} Qc7 {[%emt 0:04:05]} 12. d3 {[%emt 0:01:32]} Bf5 {[%emt 0:09:54]} 13. Na3 {[%emt 0:04:12]} cxd3 {[%emt 0:10:50]} 14. Nb5 {[%emt 0:05:42]} Qd7 {[%emt 0:02:10]} 15. Bb3 {[%emt 0:00:23]} a6 {[%emt 0:20:32]} 16. Nd4 {[%emt 0:00:15]} Nc4 {[%emt 0:02:35]} 17. a5 {[%emt 0:02:00]} Rc8 {[%emt 0:00:33]} 18. Ba4 {[%emt 0:06:28]} Rc6 {[%emt 0:00:21]} 19. Bxc6 {[%emt 0:04:25]} bxc6 {[%emt 0:00:07]} 20. Nxf5 {[%emt 0:01:59]} Qxf5 {[%emt 0:00:13]} 21. Qa4 {[%emt 0:03:04]} Qc8 {[%emt 0:04:41]} 22. Qd1 {[%emt 0:09:30]} Qf5 {[%emt 0:00:14]} 23. b3 {[%emt 0:03:30]} Nd6 {[%emt 0:02:37]} 24. Be3 {[%emt 0:00:16]} e5 {[%emt 0:02:53]} 25. Bd4 {[%emt 0:10:48]} f6 {[%emt 0:02:11]} 26. f4 {[%emt 0:00:13]} Ne4 {[%emt 0:04:39]} 27. fxe5 {[%emt 0:00:05]} fxe5 {[%emt 0:01:49]} 28. Rf1 {[%emt 0:00:03]} Qg6 {[%emt 0:08:15]} 29. Bb6 {[%emt 0:00:39]} Nf6 {[%emt 0:00:41]} 30. Qf3 {[%emt 0:02:01]} Bd6 {[%emt 0:03:31]} 31. Qh3 {[%emt 0:00:06]} Ng4 {[%emt 0:00:39]} 32. Qh4 {[%emt 0:00:28]} Kd7 {[%emt 0:01:16]} 33. c4 {[%emt 0:03:32]} e4 {[%emt 0:00:27]} 34. cxd5 {[%emt 0:02:57]} cxd5 {[%emt 0:00:04]} 35. Kh1 {[%emt 0:01:14]} Nxh2 {[%emt 0:01:25]} 36. Rf4 {[%emt 0:00:24]} Qh6 {[%emt 0:01:38]} 37. Qxh6 {[%emt 0:00:53]} gxh6 {[%emt 0:00:04]} 38. Rh4 {[%emt 0:00:06]} Rf8 {[%emt 0:02:22]} 39. Rxh2 {[%emt 0:00:48]} Bxh2 {[%emt 0:00:05]} 40. Kxh2 {[%emt 0:00:04]} Ke6 {[%emt 0:01:11]} 41. b4 {[%emt 0:04:01]} Ke5 {[%emt 0:00:39]} 42. b5 {[%emt 0:06:57]} axb5 {[%emt 0:00:04]} 43. a6 {[%emt 0:00:02]} d4 {[%emt 0:00:12]} 44. a7 {[%emt 0:00:16]} Ra8 {[%emt 0:00:47]} 45. Kg3 {[%emt 0:03:14]} e3 {[%emt 0:00:13]} 46. Rh1 {[%emt 0:03:38]} Rg8+ {[%emt 0:00:22]} 47. Kf3 {[%emt 0:00:02]} Rf8+ {[%emt 0:00:05]} 48. Kg3 {[%emt 0:00:03]} Rg8+ {[%emt 0:01:13]} 49. Kf3 {[%emt 0:00:01]} Rf8+ {[%emt 0:00:05]} 50. Kg3 {[%emt 0:00:08]} Rg8+ {[%emt 0:00:54]} 1/2-1/2

[Event "6th Porticcio Open 2019"]
[Site "Porticcio"]
[Date "2019.06.30"]
[Round "3.5"]
[White "Prithu Gupta"]
[Black "Zhigalko, Sergei"]
[Result "1/2-1/2"]
[WhiteElo "2470"]
[BlackElo "2594"]
[Annotator "ChessBase"]
[PlyCount "165"]
[EventDate "2019.06.23"]
[EventType "swiss"]
[EventCountry "FRA"]
[SourceTitle "playchess.com"]
[Source "ChessBase"]
[SourceQuality "1"]
[TimeControl "5400+30"]

1. c4 {[%emt 0:01:11]} e5 {[%emt 0:00:00]} 2. Nc3 {[%emt 0:00:07]} Nf6 {[%emt 0:00:00]} 3. Nf3 {[%emt 0:00:06]} Nc6 {[%emt 0:00:19]} 4. e4 {[%emt 0:00:07]} d6 {[%emt 0:07:24]} 5. d4 {[%emt 0:00:07]} Bg4 {[%emt 0:10:22]} 6. d5 {[%emt 0:00:08]} Nd4 {[%emt 0:00:42]} 7. Be2 {[%emt 0:00:07]} Bxf3 {[%emt 0:01:14]} 8. Bxf3 {[%emt 0:00:03]} c5 {[%emt 0:00:38]} 9. dxc6 {[%emt 0:02:22]} bxc6 {[%emt 0:00:36]} 10. Be3 {[%emt 0:08:36]} c5 {[%emt 0:10:38]} 11. O-O {[%emt 0:01:53]} Be7 {[%emt 0:01:37]} 12. b3 {[%emt 0:02:54]} O-O {[%emt 0:00:30]} 13. g3 {[%emt 0:00:06]} Nd7 {[%emt 0:12:06]} 14. Bg2 {[%emt 0:00:10]} Nb6 {[%emt 0:00:25]} 15. f4 {[%emt 0:02:20]} a5 {[%emt 0:00:26]} 16. a4 {[%emt 0:01:04]} Nd7 {[%emt 0:03:18]} 17. Nd5 {[%emt 0:02:18]} Nb6 {[%emt 0:00:19]} 18. Nc3 {[%emt 0:04:06]} Nd7 {[%emt 0:00:05]} 19. Ra2 {[%emt 0:01:34]} Rb8 {[%emt 0:01:20]} 20. Nb5 {[%emt 0:01:20]} Rb7 {[%emt 0:07:15]} 21. Raf2 {[%emt 0:02:52]} Nb8 {[%emt 0:02:06]} 22. Qh5 {[%emt 0:20:21]} Bf6 {[%emt 0:13:41]} 23. f5 {[%emt 0:13:51]} Nd7 {[%emt 0:05:06]} 24. Rb2 {[%emt 0:08:55]} Qe7 {[%emt 0:01:06]} 25. h4 {[%emt 0:02:51]} Ra8 {[%emt 0:07:16]} 26. Qd1 {[%emt 0:09:26]} Ra6 {[%emt 0:05:05]} 27. Rff2 {[%emt 0:00:56]} Qd8 {[%emt 0:02:02]} 28. Bf1 {[%emt 0:01:20]} Be7 {[%emt 0:03:57]} 29. Bd3 {[%emt 0:00:39]} Nf8 {[%emt 0:00:34]} 30. Rh2 {[%emt 0:02:40]} h6 {[%emt 0:00:31]} 31. Rbg2 {[%emt 0:00:08]} Nh7 {[%emt 0:00:08]} 32. Bf2 {[%emt 0:00:08]} Kf8 {[%emt 0:01:47]} 33. g4 {[%emt 0:00:22]} f6 {[%emt 0:02:24]} 34. Be3 {[%emt 0:00:50]} Ra8 {[%emt 0:00:54]} 35. Rh3 {[%emt 0:01:29]} Rab8 {[%emt 0:00:32]} 36. Bb1 {[%emt 0:04:46]} Ke8 {[%emt 0:00:07]} 37. Bd2 {[%emt 0:02:02]} Kd7 {[%emt 0:00:22]} 38. Qe1 {[%emt 0:02:25]} Ra8 {[%emt 0:00:03]} 39. Rhg3 {[%emt 0:00:31]} Rbb8 {[%emt 0:00:59]} 40. Qd1 {[%emt 0:01:40]} Rb7 {[%emt 0:00:34]} 41. Bd3 {[%emt 0:00:32]} Rbb8 {[%emt 0:00:10]} 42. Bf1 {[%emt 0:00:47]} Rb7 {[%emt 0:00:15]} 43. Rf2 {[%emt 0:00:16]} Rbb8 {[%emt 0:00:09]} 44. Bh3 {[%emt 0:00:27]} Kc6 {[%emt 0:00:10]} 45. Bc3 {[%emt 0:00:47]} Kb6 {[%emt 0:02:00]} 46. Bg2 {[%emt 0:00:40]} Ka6 {[%emt 0:00:32]} 47. Be1 {[%emt 0:00:37]} Rb7 {[%emt 0:00:45]} 48. Rb2 {[%emt 0:00:28]} Rab8 {[%emt 0:00:11]} 49. Bf2 {[%emt 0:00:26]} Rb6 {[%emt 0:00:52]} 50. Bf1 {[%emt 0:00:27]} R6b7 {[%emt 0:00:42]} 51. Qd2 {[%emt 0:00:30]} Kb6 {[%emt 0:00:36]} 52. Be2 {[%emt 0:00:33]} Kc6 {[%emt 0:00:14]} 53. Bd1 {[%emt 0:00:28]} Bf8 {[%emt 0:00:55]} 54. Be1 {[%emt 0:00:23]} Ra8 {[%emt 0:00:05]} 55. Nc3 {[%emt 0:00:22]} Be7 {[%emt 0:00:40]} 56. Nd5 {[%emt 0:00:21]} Qb8 {[%emt 0:00:06]} 57. Qf2 {[%emt 0:00:54]} Bd8 {[%emt 0:00:17]} 58. Bd2 {[%emt 0:00:28]} Ra6 {[%emt 0:00:44]} 59. Qe1 {[%emt 0:00:22]} Ra8 {[%emt 0:00:08]} 60. Qe3 {[%emt 0:00:41]} Ra6 {[%emt 0:00:06]} 61. Qd3 {[%emt 0:00:18]} Ra8 {[%emt 0:00:07]} 62. Be3 {[%emt 0:00:25]} Raa7 {[%emt 0:00:17]} 63. Bf2 {[%emt 0:00:23]} Ra8 {[%emt 0:00:10]} 64. Qb1 {[%emt 0:00:51]} Qa7 {[%emt 0:01:13]} 65. Be2 {[%emt 0:00:37]} Rab8 {[%emt 0:00:25]} 66. Bd1 {[%emt 0:00:32]} Nf8 {[%emt 0:00:25]} 67. Be3 {[%emt 0:00:22]} Nh7 {[%emt 0:00:02]} 68. Nc3 {[%emt 0:00:40]} Qb6 {[%emt 0:00:24]} 69. Nb5 {[%emt 0:00:18]} Be7 {[%emt 0:00:38]} 70. Be2 {[%emt 0:00:11]} Qd8 {[%emt 0:00:39]} 71. Bd3 {[%emt 0:00:45]} Kd7 {[%emt 0:00:41]} 72. Qf1 {[%emt 0:00:12]} Kc6 {[%emt 0:00:33]} 73. Qg2 {[%emt 0:00:48]} Kb6 {[%emt 0:00:17]} 74. Be2 {[%emt 0:00:20]} Nc6 {[%emt 0:01:22]} 75. Bd1 {[%emt 0:00:31]} Ka6 {[%emt 0:00:44]} 76. Rd2 {[%emt 0:00:46]} Nd4 {[%emt 0:00:11]} 77. Bf2 {[%emt 0:00:31]} Nf8 {[%emt 0:00:39]} 78. Rdd3 {[%emt 0:00:27]} Nh7 {[%emt 0:00:20]} 79. Be3 {[%emt 0:00:14]} Rb6 {[%emt 0:01:04]} 80. Bd2 {[%emt 0:00:48]} R6b7 {[%emt 0:00:28]} 81. Qf1 {[%emt 0:00:35]} Kb6 {[%emt 0:00:34]} 82. Nc3 {[%emt 0:00:07]} Kc6 {[%emt 0:00:57]} 83. Nd5 {Kxd5} 1/2-1/2

[Event "6th Porticcio Open 2019"]
[Site "Porticcio"]
[Date "2019.06.30"]
[Round "3.6"]
[White "Rakotomaharo, Fy Antenaina"]
[Black "Sengupta, Deep"]
[Result "1/2-1/2"]
[WhiteElo "2419"]
[BlackElo "2559"]
[Annotator "ChessBase"]
[PlyCount "105"]
[EventDate "2019.06.23"]
[EventType "swiss"]
[EventCountry "FRA"]
[SourceTitle "playchess.com"]
[Source "ChessBase"]
[SourceQuality "1"]
[TimeControl "5400+30"]

1. d4 {[%emt 0:00:03]} Nf6 {[%emt 0:00:00]} 2. c4 {[%emt 0:00:05]} b6 {[%emt 0:00:00]} 3. Nc3 {[%emt 0:03:40]} Bb7 {[%emt 0:00:00]} 4. Nf3 {[%emt 0:01:33]} e6 {[%emt 0:00:00]} 5. a3 {[%emt 0:00:26]} d5 {[%emt 0:00:00]} 6. Bg5 {[%emt 0:01:54]} Be7 {[%emt 0:03:32]} 7. e3 {[%emt 0:00:44]} h6 {[%emt 0:01:57]} 8. Bh4 {[%emt 0:03:27]} Nbd7 {[%emt 0:01:14]} 9. Rc1 {[%emt 0:01:00]} O-O {[%emt 0:01:09]} 10. Bd3 {[%emt 0:09:47]} dxc4 {[%emt 0:02:22]} 11. Bxc4 {[%emt 0:00:06]} c5 {[%emt 0:00:06]} 12. O-O {[%emt 0:01:54]} Rc8 {[%emt 0:02:32]} 13. Ba2 {[%emt 0:00:36]} cxd4 {[%emt 0:01:44]} 14. exd4 {[%emt 0:00:08]} Ne4 {[%emt 0:01:59]} 15. Bg3 {[%emt 0:18:43]} Nxc3 {[%emt 0:05:00]} 16. Rxc3 {[%emt 0:00:06]} Nf6 {[%emt 0:00:52]} 17. Ne5 {[%emt 0:09:19]} Rxc3 {[%emt 0:05:09]} 18. bxc3 {[%emt 0:00:04]} Qa8 {[%emt 0:00:25]} 19. f3 {[%emt 0:08:00]} Bxa3 {[%emt 0:00:20]} 20. Re1 {[%emt 0:01:25]} Bc8 {[%emt 0:27:37]} 21. Qc2 {[%emt 0:07:20]} Nh5 {[%emt 0:03:09]} 22. Bh4 {[%emt 0:06:19]} Bd6 {[%emt 0:01:58]} 23. Bb1 {[%emt 0:05:03]} f5 {[%emt 0:00:09]} 24. Ng6 {[%emt 0:00:05]} Rf7 {[%emt 0:02:11]} 25. Ba2 {[%emt 0:01:12]} Kh7 {[%emt 0:11:50]} 26. Bxe6 {[%emt 0:03:38]} Bxe6 {[%emt 0:00:05]} 27. Rxe6 {[%emt 0:00:04]} Qd5 {[%emt 0:00:34]} 28. Qe2 {[%emt 0:02:36]} Rc7 {[%emt 0:06:39]} 29. Be7 {[%emt 0:06:29]} Bxe7 {[%emt 0:07:13]} 30. Nxe7 {[%emt 0:00:37]} Qb3 {[%emt 0:00:07]} 31. Re3 {[%emt 0:08:27]} Nf4 {[%emt 0:13:33]} 32. Qd2 {[%emt 0:00:30]} Qf7 {[%emt 0:00:54]} 33. Re5 {[%emt 0:00:28]} Rxe7 {[%emt 0:01:33]} 34. Qxf4 {[%emt 0:00:05]} Rxe5 {[%emt 0:00:10]} 35. Qxe5 {[%emt 0:00:06]} Qf6 {[%emt 0:00:29]} 36. Qb5 {[%emt 0:01:05]} Qe6 {[%emt 0:00:52]} 37. Kf2 {[%emt 0:00:10]} f4 {[%emt 0:00:23]} 38. Qd3+ {[%emt 0:00:08]} Qg6 {[%emt 0:00:04]} 39. Qd2 {[%emt 0:00:37]} Qd6 {[%emt 0:00:24]} 40. Qd3+ {[%emt 0:00:17]} Qg6 {[%emt 0:00:06]} 41. Qd2 {[%emt 0:00:03]} Qd6 {[%emt 0:00:26]} 42. Qd3+ {[%emt 0:00:14]} Kg8 {[%emt 0:00:41]} 43. Qb5 {[%emt 0:01:26]} Qe6 {[%emt 0:00:35]} 44. Kf1 {[%emt 0:00:15]} Kf7 {[%emt 0:01:20]} 45. Qa6 {[%emt 0:00:43]} Qd7 {[%emt 0:00:14]} 46. Ke2 {[%emt 0:00:40]} Ke7 {[%emt 0:00:19]} 47. Kd2 {[%emt 0:00:30]} Kd8 {[%emt 0:00:36]} 48. Kc2 {[%emt 0:00:46]} g5 {[%emt 0:00:24]} 49. h3 {[%emt 0:00:43]} Qf5+ {[%emt 0:00:19]} 50. Kb2 {[%emt 0:00:08]} Qd7 {[%emt 0:00:05]} 51. Kc2 {[%emt 0:00:12]} Qf5+ {[%emt 0:00:04]} 52. Kb2 {[%emt 0:00:03]} Qd7 {[%emt 0:00:02]} 53. Kc2 {[%emt 0:00:05]} 1/2-1/2

[Event "6th Porticcio Open 2019"]
[Site "Porticcio"]
[Date "2019.06.30"]
[Round "3.7"]
[White "Libiszewski, Fabien"]
[Black "Guichard, Pauline"]
[Result "1/2-1/2"]
[WhiteElo "2518"]
[BlackElo "2409"]
[Annotator "ChessBase"]
[PlyCount "73"]
[EventDate "2019.06.23"]
[EventType "swiss"]
[EventCountry "FRA"]
[SourceTitle "playchess.com"]
[Source "ChessBase"]
[SourceQuality "1"]
[TimeControl "5400+30"]

1. e4 {[%emt 0:00:00]} e5 {[%emt 0:00:00]} 2. Nf3 {[%emt 0:00:28]} Nc6 {[%emt 0:00:10]} 3. Bc4 {[%emt 0:00:23]} Nf6 {[%emt 0:00:42]} 4. d3 {[%emt 0:00:35]} Be7 {[%emt 0:01:00]} 5. O-O {[%emt 0:00:46]} O-O {[%emt 0:00:30]} 6. Re1 {[%emt 0:01:49]} d6 {[%emt 0:02:31]} 7. a4 {[%emt 0:01:14]} Kh8 {[%emt 0:00:30]} 8. c3 {[%emt 0:02:11]} Ng8 {[%emt 0:01:29]} 9. d4 {[%emt 0:04:13]} f5 {[%emt 0:02:24]} 10. dxe5 {[%emt 0:06:32]} fxe4 {[%emt 0:01:06]} 11. Rxe4 {[%emt 0:00:41]} Rxf3 {[%emt 0:01:11]} 12. gxf3 {[%emt 0:02:44]} Nxe5 {[%emt 0:04:44]} 13. Rxe5 {[%emt 0:17:25]} dxe5 {[%emt 0:00:40]} 14. Qxd8 {[%emt 0:00:07]} Bxd8 {[%emt 0:00:12]} 15. Nd2 {[%emt 0:00:15]} Nf6 {[%emt 0:08:24]} 16. Ne4 {[%emt 0:02:26]} Nxe4 {[%emt 0:03:38]} 17. fxe4 {[%emt 0:00:03]} Bh3 {[%emt 0:03:49]} 18. f4 {[%emt 0:07:22]} Bf6 {[%emt 0:06:06]} 19. f5 {[%emt 0:01:24]} g6 {[%emt 0:02:38]} 20. fxg6 {[%emt 0:01:46]} hxg6 {[%emt 0:01:27]} 21. Be3 {[%emt 0:00:25]} Kg7 {[%emt 0:03:45]} 22. Rd1 {[%emt 0:00:50]} a6 {[%emt 0:02:55]} 23. a5 {[%emt 0:05:40]} Rd8 {[%emt 0:02:10]} 24. Rxd8 {[%emt 0:00:17]} Bxd8 {[%emt 0:00:10]} 25. Kf2 {[%emt 0:00:53]} Kf6 {[%emt 0:01:24]} 26. b4 {[%emt 0:00:16]} Be6 {[%emt 0:01:15]} 27. Bg5+ {[%emt 0:01:18]} Kxg5 {[%emt 0:00:40]} 28. Bxe6 {[%emt 0:00:05]} c5 {[%emt 0:01:21]} 29. Bc8 {[%emt 0:01:12]} cxb4 {[%emt 0:00:34]} 30. cxb4 {[%emt 0:00:07]} Be7 {[%emt 0:00:26]} 31. Bxb7 {[%emt 0:00:12]} Bxb4 {[%emt 0:00:19]} 32. Bxa6 {[%emt 0:00:09]} Bxa5 {[%emt 0:00:12]} 33. Kf3 {[%emt 0:00:06]} Bb4 {[%emt 0:00:20]} 34. Bc4 {[%emt 0:00:07]} Ba5 {[%emt 0:00:11]} 35. Ba6 {[%emt 0:00:06]} Bb4 {[%emt 0:00:08]} 36. Bc4 {[%emt 0:00:05]} Ba5 {[%emt 0:00:08]} 37. Ba6 1/2-1/2

[Event "6th Porticcio Open 2019"]
[Site "Porticcio"]
[Date "2019.06.30"]
[Round "3.8"]
[White "Fedorchuk, Sergey A."]
[Black "Rahul Srivatshav P"]
[Result "1-0"]
[WhiteElo "2631"]
[BlackElo "2395"]
[Annotator "TA"]
[PlyCount "125"]
[EventDate "2019.06.23"]
[EventType "swiss"]
[EventCountry "FRA"]
[SourceTitle "playchess.com"]
[Source "ChessBase"]
[SourceQuality "1"]

{[%evp 11,125,13,23,22,56,59,57,45,66,66,108,106,106,108,102,110,112,111,101,107,133,130,165,158,220,220,217,222,218,207,213,199,243,222,252,214,210,208,333,333,333,328,314,302,310,183,297,209,318,318,318,318,310,309,324,310,356,360,352,239,239,228,517,512,647,563,572,506,1487,1226,1000,1338,1341,1307,1235,1026,29968,29970,29969,29969,29974,29976,29976,29977,29977,29978,29979,29980,29980,29981,29981,29981,29981,29982,29982,29983,29985,29986,29984,29985,29985,29986,29988,29988,29991,29992,29993,29994,29994,29993,29993,29992,29992,29993,29993,29993]} 1. e4 c5 2. Nf3 e6 3. d4 cxd4 4. Nxd4 a6 5. c4 Nf6 6. Nc3 Bb4 7. Qd3 {B41: Sicilian: Kan Variation: 5 c4} d6 (7... Qc7 8. Nc2 Bc5 9. Be2 O-O 10. O-O Nc6 11. Kh1 d6 12. f4 Bd7 13. a3 Rad8 14. b4 Ba7 {½-½ (115) Karjakin,S (2782)-Caruana,F (2816) Paris 2018}) 8. Nc2 Bxc3+ 9. Qxc3 {White is slightly better.} e5 10. f3 h6 $146 ({Predecessor:} 10... Be6 11. Be3 Nbd7 12. Na3 Rc8 13. Qd2 Rc6 14. Be2 O-O {1-0 (45) Neiksans,A (2566)-Kengis,E (2545) Liepaja 2018}) 11. Be3 O-O 12. O-O-O Nc6 13. Qa3 Be6 14. Rxd6 Qc7 15. Be2 Rfc8 16. Kb1 b5 17. c5 Qb7 {[#]} (17... Ne8 $16) 18. Nb4 $1 $18 Ne8 19. Rxc6 Rxc6 20. Nxc6 Qxc6 21. Qa5 Rb8 22. Rd1 Kh7 23. Rd8 Rxd8 24. Qxd8 Qd7 (24... Nc7 $142 25. Qb8 Bd7) 25. Qxd7 Bxd7 {[%mdl 4096] Endgame KBB-KBN} 26. Kc2 Nc7 27. Kb3 a5 28. Bf1 Na6 (28... Ne6 $142 29. a3 Kg6) 29. Kc2 Nb4+ (29... Kg6 {might work better.} 30. a3 Nc7) 30. Kb1 a4 31. a3 {[%cal Ba2a3,Ba3a4][%mdl 32]} Na6 32. b3 axb3 33. Kb2 Kg8 34. a4 ({Not} 34. Kxb3 Kf8 $18) 34... Nc7 35. c6 ({Less strong is} 35. Kxb3 bxa4+ 36. Kb4 Kf8 $16) 35... Bxc6 36. Bb6 ({Weaker is} 36. Kxb3 bxa4+ 37. Kb4 Ne6 $11) 36... Na8 $2 (36... bxa4 {was worth a try.} 37. Bxc7 f6 38. Bc4+ Kh7) 37. a5 f5 38. exf5 Kf7 39. Kxb3 Nxb6 (39... e4 $142 40. Bd4 exf3) 40. axb6 {KB-KB} e4 {[#]} 41. Bxb5 $1 {[%mdl 512]} Bb7 (41... Bxb5 42. b7) 42. Be2 e3 43. Kc3 Kf6 44. Bd3 {White mates.} e2 45. Kd2 Ke5 46. Be4 Ba6 47. b7 Bxb7 48. Bxb7 Kxf5 49. Kxe2 {KB-KPP} Kf4 50. g3+ Ke5 51. Ke3 Kf5 52. Be4+ Kg5 53. Kd4 h5 54. h4+ Kf6 55. f4 Kf7 56. Ke5 g6 57. Bd5+ Kg7 58. Ke6 Kh7 59. Kf6 Kh8 60. Bf7 Kh7 61. Bxg6+ Kh6 62. Bf7 Kh7 63. Bxh5 {Accuracy: White = 93%, Black = 31%.} 1-0

[Event "6th Porticcio Open 2019"]
[Site "Porticcio"]
[Date "2019.07.01"]
[Round "4.1"]
[White "Donchenko, Alexander"]
[Black "Van Wely, Loek"]
[Result "1-0"]
[WhiteElo "2618"]
[BlackElo "2604"]
[Annotator "ChessBase"]
[PlyCount "63"]
[EventDate "2019.06.23"]
[EventType "swiss"]
[EventCountry "FRA"]
[SourceTitle "playchess.com"]
[Source "ChessBase"]
[SourceQuality "1"]
[TimeControl "5400+30"]

1. Nf3 {[%emt 0:00:00]} d5 {[%emt 0:03:33]} 2. g3 {[%emt 0:00:00]} g6 {[%emt 0:01:55]} 3. Bg2 {[%emt 0:00:25]} Bg7 {[%emt 0:00:06]} 4. d4 {[%emt 0:00:08]} Nf6 {[%emt 0:02:33]} 5. O-O {[%emt 0:00:19]} c6 {[%emt 0:03:08]} 6. b3 {[%emt 0:02:42]} O-O {[%emt 0:00:42]} 7. Bb2 {[%emt 0:00:54]} a5 {[%emt 0:01:08]} 8. Nc3 {[%emt 0:06:29]} Nbd7 {[%emt 0:10:57]} 9. e3 {[%emt 0:26:14]} b5 {[%emt 0:05:21]} 10. Re1 {[%emt 0:04:05]} Bb7 {[%emt 0:08:04]} 11. Nd2 {[%emt 0:14:33]} Qb6 {[%emt 0:11:14]} 12. e4 {[%emt 0:04:13]} Qxd4 {[%emt 0:15:53]} 13. exd5 {[%emt 0:01:44]} Nxd5 {[%emt 0:00:19]} 14. Nxd5 {[%emt 0:01:50]} Qxb2 {[%emt 0:00:07]} 15. Rb1 {[%emt 0:00:13]} Qxa2 {[%emt 0:00:10]} 16. Nxe7+ {[%emt 0:00:40]} Kh8 {[%emt 0:00:04]} 17. Ne4 {[%emt 0:01:23]} Rad8 {[%emt 0:04:35]} 18. Nd6 {[%emt 0:01:04]} Ne5 {[%emt 0:02:28]} 19. f4 {[%emt 0:03:56]} Rd7 {[%emt 0:01:20]} 20. fxe5 {[%emt 0:02:36]} Rxe7 {[%emt 0:00:06]} 21. Nxb7 {[%emt 0:00:04]} Rxb7 {[%emt 0:00:41]} 22. Qc1 {[%emt 0:00:11]} a4 {[%emt 0:05:43]} 23. Ra1 {[%emt 0:00:14]} axb3 {[%emt 0:04:59]} 24. Rxa2 {[%emt 0:00:09]} bxa2 {[%emt 0:00:02]} 25. Qa3 {[%emt 0:00:25]} b4 {[%emt 0:02:14]} 26. Qxa2 {[%emt 0:00:15]} Re7 {[%emt 0:00:13]} 27. Qa5 {[%emt 0:00:41]} Re6 {[%emt 0:00:55]} 28. Qxb4 {[%emt 0:00:45]} Rfe8 {[%emt 0:00:09]} 29. Kh1 {[%emt 0:02:17]} Kg8 {[%emt 0:00:44]} 30. Bh3 {[%emt 0:00:39]} Rxe5 {[%emt 0:00:54]} 31. Rxe5 {[%emt 0:00:07]} Bxe5 {[%emt 0:00:08]} 32. Bd7 {[%emt 0:00:14]} 1-0

[Event "6th Porticcio Open 2019"]
[Site "Porticcio"]
[Date "2019.07.01"]
[Round "4.2"]
[White "Sengupta, Deep"]
[Black "Fedorchuk, Sergey A."]
[Result "1-0"]
[WhiteElo "2559"]
[BlackElo "2631"]
[Annotator "ChessBase"]
[PlyCount "107"]
[EventDate "2019.06.23"]
[EventType "swiss"]
[EventCountry "FRA"]
[SourceTitle "playchess.com"]
[Source "ChessBase"]
[SourceQuality "1"]
[TimeControl "5400+30"]

1. d4 {[%emt 0:00:00]} Nf6 {[%emt 0:00:00]} 2. Bf4 {[%emt 0:00:00]} e6 {[%emt 0:05:06]} 3. e3 {[%emt 0:00:00]} c5 {[%emt 0:03:01]} 4. Nd2 {[%emt 0:01:28]} d5 {[%emt 0:05:46]} 5. c3 {[%emt 0:00:06]} Nc6 {[%emt 0:06:29]} 6. Bd3 {[%emt 0:00:35]} Bd6 {[%emt 0:01:45]} 7. Bxd6 {[%emt 0:00:42]} Qxd6 {[%emt 0:00:07]} 8. f4 {[%emt 0:00:02]} Bd7 {[%emt 0:06:05]} 9. a3 {[%emt 0:00:07]} Ne7 {[%emt 0:00:58]} 10. Qe2 {[%emt 0:12:30]} cxd4 {[%emt 0:05:24]} 11. cxd4 {[%emt 0:00:05]} Qb6 {[%emt 0:00:21]} 12. Ngf3 {[%emt 0:09:01]} Qxb2 {[%emt 0:02:33]} 13. O-O {[%emt 0:00:06]} O-O {[%emt 0:09:52]} 14. a4 {[%emt 0:10:00]} Qb6 {[%emt 0:06:46]} 15. Ne5 {[%emt 0:01:20]} Rfc8 {[%emt 0:11:40]} 16. a5 {[%emt 0:11:06]} Qd8 {[%emt 0:05:55]} 17. g4 {[%emt 0:03:11]} Be8 {[%emt 0:00:16]} 18. Rf3 {[%emt 0:03:38]} Rc3 {[%emt 0:11:31]} 19. Rh3 {[%emt 0:03:50]} Ng6 {[%emt 0:00:21]} 20. f5 {[%emt 0:19:41]} exf5 {[%emt 0:00:19]} 21. gxf5 {[%emt 0:00:04]} Nf8 {[%emt 0:00:40]} 22. Kh1 {[%emt 0:00:13]} Rac8 {[%emt 0:00:27]} 23. Rg1 {[%emt 0:00:05]} Rc1 {[%emt 0:00:53]} 24. Nf1 {[%emt 0:00:05]} Qe7 {[%emt 0:03:41]} 25. Qg2 {[%emt 0:08:55]} g6 {[%emt 0:00:30]} 26. Qg5 {[%emt 0:00:04]} R8c7 {[%emt 0:00:24]} 27. Rf3 {[%emt 0:01:21]} Ne4 {[%emt 0:04:51]} 28. Qh6 {[%emt 0:02:58]} f6 {[%emt 0:00:28]} 29. Ng4 {[%emt 0:06:19]} R7c6 {[%emt 0:02:13]} 30. h4 {[%emt 0:02:47]} Rd1 {[%emt 0:02:35]} 31. Be2 {[%emt 0:02:47]} Re1 {[%emt 0:00:07]} 32. Bd3 {[%emt 0:00:07]} Bd7 {[%emt 0:02:28]} 33. Qf4 {[%emt 0:01:14]} Kh8 {[%emt 0:01:02]} 34. Bb5 {[%emt 0:01:23]} Rcc1 {[%emt 0:01:29]} 35. Bxd7 {[%emt 0:00:05]} Nxd7 {[%emt 0:00:44]} 36. fxg6 {[%emt 0:01:05]} hxg6 {[%emt 0:00:03]} 37. Ngh2 {[%emt 0:00:57]} Qh7 {[%emt 0:01:05]} 38. Rh3 {[%emt 0:00:31]} Qh5 {[%emt 0:00:22]} 39. Rg2 {[%emt 0:00:28]} Kh7 {[%emt 0:00:33]} 40. Kg1 {[%emt 0:00:12]} Qf5 {[%emt 0:00:36]} 41. Qxf5 {[%emt 0:00:16]} gxf5 {[%emt 0:00:06]} 42. Rf3 {[%emt 0:00:04]} f4 {[%emt 0:00:37]} 43. Rxf4 {[%emt 0:00:14]} Nf8 {[%emt 0:00:38]} 44. Rf5 {[%emt 0:01:15]} Ng6 {[%emt 0:00:27]} 45. Rxd5 {[%emt 0:00:18]} Kh6 {[%emt 0:00:40]} 46. Rd8 {[%emt 0:00:06]} f5 {[%emt 0:00:25]} 47. Rg8 {[%emt 0:00:36]} Rc6 {[%emt 0:00:05]} 48. h5 {[%emt 0:01:31]} Kxh5 {[%emt 0:00:41]} 49. Nf3 {[%emt 0:00:06]} Rxf1+ {[%emt 0:00:21]} 50. Kxf1 {[%emt 0:00:04]} Rc1+ {[%emt 0:00:02]} 51. Ne1 {[%emt 0:00:09]} Rc6 {[%emt 0:00:36]} 52. Nd3 {[%emt 0:00:17]} Ng5 {[%emt 0:00:35]} 53. Nf4+ {[%emt 0:00:39]} Nxf4 {[%emt 0:00:04]} 54. R2xg5+ {[%emt 0:00:10]} 1-0